Corrosion engineering (Record no. 62537)
[ view plain ]
| 000 -LEADER | |
|---|---|
| fixed length control field | 00638nam a2200145 a 4500 |
| 008 - FIXED-LENGTH DATA ELEMENTS--GENERAL INFORMATION | |
| fixed length control field | 120416s1967 ||||||||||||||||| || u |
| 050 ## - LIBRARY OF CONGRESS CALL NUMBER | |
| Classification number | TA 418.74 Fon |
| 100 ## - MAIN ENTRY--PERSONAL NAME | |
| Personal name | Fontana, Mars Guido, 1910- |
| 245 10 - TITLE STATEMENT | |
| Title | Corrosion engineering |
| 260 ## - PUBLICATION, DISTRIBUTION, ETC. | |
| Place of publication, distribution, etc. | New York |
| Name of publisher, distributor, etc. | McGraw-Hill |
| Date of publication, distribution, etc. | 1967 |
| 300 ## - PHYSICAL DESCRIPTION | |
| Extent | xiv, 391p. : ill |
| 350 ## - | |
| -- | 0.00 |
| 995 ## - | |
| -- | BINDERY (DAMAGED) |
| -- | 0.00 |
| -- | 716589 |
| -- | CBU-MAIN LIBRARY (Kitwe) |
| -- | 1 |
| -- | 41.50 |
| -- | TA 418.74 Fon |
| -- | 2 |
| -- | DAMAGED |
| -- | 014862 |
| -- | Main Library Open Access Collection |
| 995 ## - | |
| -- | MAIN LIBRARY OPEN ACCESS |
| -- | 0.00 |
| -- | 716588 |
| -- | CBU-MAIN LIBRARY (Kitwe) |
| -- | 2 |
| -- | 41.50 |
| -- | TA 418.74 Fon |
| -- | 1 |
| -- | AVAILABLE |
| -- | 014861 |
| -- | Main Library Open Access Collection |
| 999 ## - | |
| -- | 62537 |
| -- | 62537 |
| Withdrawn status | Lost status | Source of classification or shelving scheme | Damaged status | Not for loan | Permanent Location | Current Location | Shelving location | Date acquired | Total Checkouts | Full call number | Barcode | Date last seen | Price effective from | Koha item type |
|---|---|---|---|---|---|---|---|---|---|---|---|---|---|---|
| CBU-MAIN LIBRARY, KITWE. | CBU-MAIN LIBRARY, KITWE. | 12/13/2022 | TA 418.74 Fon | 014862 | 12/13/2022 | 12/13/2022 | MONOGRAPH | |||||||
| CBU-MAIN LIBRARY, KITWE. | CBU-MAIN LIBRARY, KITWE. | 12/13/2022 | TA 418.74 Fon | 014861 | 12/13/2022 | 12/13/2022 | MONOGRAPH |